WWI Firearms - Statistics

General Stats
  • This quiz has been taken 23 times
  • The average score is 2 of 14
Answer Stats
Picture Answer % Correct
Lewis Gun
82%
MP18
59%
Gewehr 98
35%
Ross Rifle
18%
Carcano 1891
12%
Enfield Mk II Revolver
12%
Mosin–Nagant M1891
12%
Vickers Machine Gun
6%
FN Browning M1900
0%
General Liu Rifle
0%
Lebel Model 1886 Rifle
0%
Martini-Enfield Carbine
0%
Springfield M1903 Rifle
0%
Type 38 rifle
0%
No matching quizzes found
Score Distribution
Percent of People with Each Score
Percentile by Number Answered
Your Score History
You have not taken this quiz